| 000 | 00659nam a2200193 i 4500 | ||
|---|---|---|---|
| 001 | 188526 | ||
| 003 | ES-MaACL | ||
| 005 | 20250910213034.0 | ||
| 008 | 181213s1968 sp |||| | spa d | ||
| 100 | 1 |
_aSánchez-Albornoz, Nicolás, _d1926- _9102442 |
|
| 245 | 1 | 0 |
_aEspaña hace un siglo _b: una economía dual / _cNicolás Sáncez-Albornoz. |
| 260 |
_aMadrid : _bPenínsula, _c1968. |
||
| 300 |
_a220 p. ; _c18 cm. |
||
| 490 | 1 |
_aColección Ibérica ; _v24 |
|
| 651 | 4 |
_aEspaña- _xSituación económica- _yS.XIX. _98504 |
|
| 830 | 0 |
_aColección ibérica (Península) _v24 _9179423 |
|
| 852 |
_aES-MaACL _jP-137-bis-21 |
||
| 999 |
_c188526 _d188526 |
||